000 00528nam a2200205Ia 4500
005 20230520122222.0
008 131103s9999 xx 000 0 und d
020 _a014044.386 X
040 _beng
041 _aEnglish
082 _a844
_bVOL
100 _aVoltaire
245 _aLetters on England
_cVoltaire; translated with an introduction by Leonard Tancock
260 _aNew York
_bPenguin Books
_c1980
300 _a156p.
650 _aEssays
700 _aTancock, Leonard
_4tr.
850 _aLCLIB
942 _cBK
999 _c22704
_d73183